[Event "ICS rated blitz match"]
[Site "207.99.5.190"]
[Date "1999.03.06"]
[Round "?"]
[White "DrHugoELO"]
[Black "Hossa"]
[Result "0-1"]
[WhiteElo "2133"]
[BlackElo "2327"]
[PlyCount "130"]

1. d4 Nf6 2. Nc3 d5 3. Bg5 e6 4. e4 dxe4 5. Nxe4 Nbd7 6. Nf3 Be7 7. Bxf6 Nxf6
8. Bd3 O-O 9. Qe2 Nh5 10. g3 Bd7 11. O-O-O Be8 12. Kb1 Rc8 13. h4 Bc6 14. Rhg1
Nf6 15. Nfg5 Nxe4 16. Nxe4 Qd5 17. c3 Rfd8 18. f3 Rd7 19. Bc2 Rcd8 20. Ng5 Bxg5
21. hxg5 Qxf3 22. Qh2 Be4 23. Rdf1 Qg4 24. Qh4 Bxc2+ 25. Kxc2 Qe2+ 26. Kb1 Qd3+
27. Ka1 c5 28. Qh5 cxd4 29. c4 Qxc4 30. g6 hxg6 31. Qh3 Rd5 32. g4 Ra5 33. a3
Rc8 34. Rh1 f6 35. Qh7+ Kf7 36. Rc1 Qxc1+ 37. Rxc1 Rxc1+ 38. Ka2 e5 39. Qh8 Rc7
40. Qd8 Rac5 41. g5 Ke6 42. Qe8+ Kf5 43. gxf6 gxf6 44. Qh8 g5 45. Qh3+ Kg6 46.
Qd3+ f5 47. Qb3 Rc4 48. Qb5 Kf6 49. Qd5 f4 50. Qd6+ Kf5 51. Qf8+ Ke4 52. Qf6 g4
53. Qg6+ Ke3 54. Qxg4 Rc2 55. Qh3+ f3 56. Qh6+ Kd3 57. Qg6+ e4 58. Qf5 R7c5 59.
Qg6 Rb5 60. a4 Rcxb2+ 61. Ka1 Rb1+ 62. Ka2 R5b2+ 63. Ka3 Kc3 64. Qc6+ bxc6 65.
a5 65... Ra1# {DrHugoELO checkmated} 0-1

[Event "ICS rated blitz match"]
[Site "207.99.5.190"]
[Date "1999.03.06"]
[Round "?"]
[White "Hossa"]
[Black "DrHugoELO"]
[Result "1/2-1/2"]
[WhiteElo "2335"]
[BlackElo "2125"]
[PlyCount "223"]

1. e4 c5 2. Bc4 e6 3. Nc3 Nc6 4. Nf3 Bd6 5. O-O Nge7 6. d4 cxd4 7. Nb5 Bb8 8.
Nfxd4 a6 9. Nxc6 Nxc6 10. Nd6+ Bxd6 11. Qxd6 Qe7 12. Bf4 O-O 13. Qxe7 Nxe7 14.
Rad1 Ng6 15. Bd6 Re8 16. e5 f6 17. exf6 gxf6 18. Rfe1 Kf7 19. Kh1 b5 20. Bd3
Bb7 21. c4 bxc4 22. Bxc4 Rac8 23. Rd4 Rc6 24. Re3 Rec8 25. b3 Ne7 26. Bxe7 Kxe7
27. Rh3 Rh8 28. Rdh4 h5 29. Rxh5 Rxh5 30. Rxh5 d5 31. Rh7+ Kd6 32. Rxb7 dxc4
33. bxc4 Rxc4 34. h3 Rc1+ 35. Kh2 Rc2 36. Rb6+ Ke5 37. f4+ Kxf4 38. Rxe6 Rxa2
39. Rxf6+ Kg5 40. Rf3 a5 41. Kg3 a4 42. h4+ Kh5 43. Kh3 Rb2 44. g4+ Kg6 45. h5+
Kg7 46. Rf1 a3 47. g5 a2 48. Ra1 Kh7 49. Kg3 Rb5 50. Kf4 Ra5 51. Kg4 Ra4+ 52.
Kf5 Ra5+ 53. Kf4 Ra4+ 54. Ke5 Ra5+ 55. Kf6 Ra6+ 56. Kf7 Ra7+ 57. Ke6 Ra6+ 58.
Kd7 Ra5 59. Kc6 Rxg5 60. Rxa2 Rxh5 61. Rg2 Rh6+ 62. Kd5 Rg6 63. Rf2 Kg7 64. Ke5
Rg5+ 65. Ke6 Rg6+ 66. Kd5 Rg5+ 67. Kd4 Rg4+ 68. Kc5 Rg5+ 69. Kc4 Rg4+ 70. Kd3
Kg6 71. Rf8 Kg5 72. Ke3 Kh4 73. Kf3 Rg5 74. Rh8+ Rh5 75. Rg8 Rg5 76. Rd8 Rg6
77. Kf4 Rf6+ 78. Ke5 Rf2 79. Rg8 Kh3 80. Kd4 Re2 81. Kd3 Re6 82. Rg7 Re5 83.
Rg6 Re1 84. Rg5 Re7 85. Rg1 Re8 86. Kd4 Re7 87. Kc5 Re8 88. Rg5 Rd8 89. Kc6 Rd1
90. Rg7 Rd2 91. Kc5 Rd1 92. Kc4 Rd2 93. Rg6 Rd1 94. Kc3 Rd8 95. Rg5 Rd7 96. Rg1
Rd8 97. Rg7 Rd6 98. Rg8 Rd5 99. Kc4 Rd6 100. Rg1 Rd7 101. Kc5 Rd8 102. Rg6 Rd7
103. Kb4 Rc7 104. Kb3 Rc8 105. Rg7 Rc6 106. Rg1 Rc5 107. Rg8 Rc6 108. Kb2 Rc7
109. Rg1 Rc6 110. Rg5 Rc7 111. Kb3 Rc6 112. Kb4 {Game drawn by the 50 move rule
} 1/2-1/2

[Event "ICS rated blitz match"]
[Site "207.99.5.190"]
[Date "1999.03.06"]
[Round "?"]
[White "claudi"]
[Black "Hossa"]
[Result "0-1"]
[WhiteElo "2252"]
[BlackElo "2326"]
[Annotator "Fritz 5.32 (22s)"]
[PlyCount "66"]

1. c4 e5 2. g3 Be7 3. Bg2 Nc6 4. Nc3 Nf6 5. Nf3 d6 6. O-O O-O 7. d4 exd4 8.
Nxd4 Nxd4 9. Qxd4 9... Re8 $146 (9... a6 10. Rd1 Nd7 11. b3 Bf6 12. Qd2 Rb8 13.
Bb2 Nb6 14. Nd5 Nxd5 15. cxd5 Bd7 16. Rac1 Rc8 17. Bxf6 Qxf6 18. Qd4 Qd8 19.
Qa7 Re8 20. e3 Bg4 21. Rd4 Be2 22. Qxb7 Re7 23. Qc6 Bb5 24. Qc3 {
Reifircz I-Benites K/Olympiad, Moscow (Russia) (7) 1956/1-0 (42)}) (9... c6 10.
Rd1 Ne8 11. e4 f6 12. Be3 Be6 13. b4 Qc7 14. c5 dxc5 15. bxc5 Qa5 16. Rab1 Rd8
17. Qb4 Rxd1+ 18. Nxd1 Qxb4 19. Rxb4 Bc8 20. Ra4 a6 21. Nc3 g5 22. Rb4 Nc7 23.
Rb1 Rd8 24. Bf1 {Bachmann,P-Janda/Luzern 1950/1-0 (73)}) 10. b3 Ng4 11. Bb2 Bf6
12. Qd2 12... c6 {Staerkt b5+d5} (12... a6 13. Rad1 $11) 13. h3 13... Bg5 $2
$16 (13... Bxc3 $5 $142 {ist noch spielbar} 14. Qxc3 14... Nf6 $14) 14. Qc2 $14
(14. f4 $5 $142 14... Qb6+ 15. Kh1 $18) 14... Nh6 15. f4 $11 (15. Ne4 15... Nf5
$14) 15... Bf6 16. e4 Qb6+ 17. Kh2 17... Be7 $14 (17... Qa5 18. Rae1 $11) 18.
Rad1 Bd7 19. e5 {Weiss gewinnt Raum} 19... Nf5 (19... Bf5 20. Be4 Bxe4 21. Nxe4
$14) 20. Na4 Qb4 21. a3 Qa5 22. Bc3 (22. Qd3 Rad8 23. g4 Nh4 24. exd6 24... Bf8
$16) 22... Qc7 23. exd6 {Weiss spielt seinen Trumpf aus} 23... Bxd6 24. Qd2
24... Bc8 $16 (24... c5 25. g4 Bxa4 26. gxf5 $16) 25. c5 $14 (25. g4 Bxa3 26.
gxf5 26... Bxf5 $16) 25... Bf8 26. Rfe1 Be6 27. Qc2 Rad8 28. Be5 (28. Be4 Rxd1
29. Qxd1 29... Rd8 $11) 28... Rxd1 29. Qxd1 ({Schwaecher scheint} 29. Bxc7
29... Rxe1 30. Be5 30... Ne3 $19) (29. Rxd1 $6 29... Qa5 30. b4 Ne3 31. bxa5
31... Nxc2 $11) 29... Qd8 30. Qc2 Nd4 31. Bxd4 Qxd4 32. b4 $4 $19 {
vergibt den Vorteil} (32. Rf1 $11 $142 {war der letzte Versuch}) 32... Bb3 $3 {
ein folgerichtiges Opfer. Mit der Mattdrohung Rxe1} 33. Re4 Bxa4 (33... Bxa4
34. Rxd4 34... Bxc2 $19) 0-1

[Event "ICS rated blitz match"]
[Site "207.99.5.190"]
[Date "1999.03.06"]
[Round "?"]
[White "Hossa"]
[Black "Utah"]
[Result "1-0"]
[WhiteElo "2339"]
[BlackElo "2053"]
[Annotator "Fritz 5.32 (22s)"]
[PlyCount "31"]

1. e4 c5 2. Bc4 g6 (2... Nc6 3. a3 (3. f4 g6 4. Nf3 Bg7 5. c3 e6 6. Bb3 Nge7 7.
O-O O-O 8. d3 b6 9. Be3 Ba6 10. a4 d5 11. e5 d4 12. cxd4 cxd4 13. Bc1 Nd5 14.
Qe2 Na5 15. Bxd5 Qxd5 16. Nbd2 Nc6 17. b3 17... f6 {
Touze,J-Miton,K/Open, Cappelle la Grande FRA 1998/1-0 (39)}) 3... g6 4. Nc3 Bg7
5. Nge2 e6 6. d3 Nge7 7. Bg5 h6 8. Bf4 a6 9. Qd2 b5 10. Ba2 Bb7 11. O-O Qa5 12.
Bb3 Rc8 13. Bd6 Qb6 14. Bf4 f5 15. exf5 gxf5 16. Rae1 Kf7 17. Qd1 {
Bradaric,R-Bistric,F/Open, Kastel Stari CRO 1997/0-1 (29)}) 3. Nf3 Bg7 4. O-O
e6 5. d4 $146 (5. c3 Nf6 6. Re1 O-O 7. d4 cxd4 8. Nxd4 a6 9. Bg5 Qc7 10. Nd2
Nc6 11. Nxc6 bxc6 12. Qf3 Qe5 13. Bf4 Qc5 14. Rad1 d5 15. Bb3 e5 16. Bxe5 Bg4
17. Qg3 Bxd1 18. Bd6 Qb6 19. Bxf8 Bxb3 20. Bxg7 Nh5 21. Qe5 Bxa2 22. Bh6 Qb8
23. Qd4 Qd6 24. g4 Nf6 25. g5 Nh5 26. exd5 cxd5 27. Ne4 Qc7 28. Nf6+ {
1-0 Jouault,L-Dougherty,T/open, St Heliers JER 1997 (28)}) 5... Ne7 $16 (5...
d5 $5 {muss beachtet werden} 6. exd5 exd5 7. Re1+ Ne7 8. Bb5+ 8... Bd7 $14) 6.
dxc5 O-O (6... f5 7. e5 Nec6 8. Re1 $16) 7. Qd6 Nbc6 8. Na3 (8. Bd3 8... f5 $16
) 8... b6 (8... f5 9. e5 f4 10. Bd3 $16) 9. cxb6 axb6 10. Nb5 $16 (10. Rd1
10... Ra5 $18) 10... Ba6 $18 (10... Bb7 11. Re1 $16) 11. Rd1 Bxb5 12. Bxb5 Ra7
13. c3 f5 (13... Qa8 $18) 14. Bg5 Qe8 15. Bxe7 15... Nxe7 $2 (15... Qxe7 16.
Qxe7 Nxe7 17. Rxd7 Rxd7 18. Bxd7 18... e5 $18) 16. Bxd7 (16. Bxd7 Nc8 17. Qc6 (
17. Bxe8 $6 17... Nxd6 18. Rxd6 18... Rxe8 $18) (17. Bxe6+ $143 17... Kh8 18.
Bxc8 18... Qxc8 $18) 17... Rxd7 18. Rxd7 $18) (16. Qxb6 $6 16... Nc8 17. Qe3
fxe4 18. Qxe4 18... Qe7 $18) 1-0

[Event "ICS rated blitz match"]
[Site "207.99.5.190"]
[Date "1999.03.06"]
[Round "?"]
[White "claudi"]
[Black "Hossa"]
[Result "1-0"]
[WhiteElo "2254"]
[BlackElo "2344"]
[Annotator "Fritz 5.32 (22s)"]
[PlyCount "139"]

1. c4 e5 2. g3 Be7 (2... c6 3. Bg2 d5 4. cxd5 cxd5 5. d4 e4 6. Nc3 Be6 7. Nh3
Nc6 8. O-O Qd7 9. Nf4 O-O-O 10. Qa4 h5 11. Nxe6 Qxe6 12. Bf4 a6 13. Rfc1 Bd6
14. Bxd6 Rxd6 15. b4 Kb8 16. b5 Na7 17. bxa6 Rxa6 18. Qb3 Ne7 19. Na4 Rxa4 20.
Qxa4 e3 21. Rab1 h4 22. Qb3 exf2+ 23. Kxf2 b5 24. Qc3 hxg3+ 25. Qxg3+ Ka8 26.
e3 Rh5 27. Rb3 Nf5 28. Qc7 Nd6 29. Qd8+ Ndc8 30. Ra3 {
1-0 Quinn,M-Popa,F/Podova ITA 1998 (30)}) 3. Bg2 Nc6 4. Nc3 Nf6 5. e3 $146 {
Befestigt d4} (5. d3 d6 6. Nf3 Be6 7. O-O O-O 8. Rb1 Rb8 9. Ng5 Bf5 10. f4 Nh5
11. fxe5 g6 12. exd6 Qxd6 13. e4 Be6 14. Nb5 Qc5+ 15. Kh1 Bxg5 16. Nxc7 Nd4 17.
Nxe6 Nxe6 18. Qb3 Nd4 19. Qa4 Bxc1 20. Rbxc1 Ne2 21. Rc2 Nexg3+ 22. hxg3 Nxg3+
23. Kh2 Nxf1+ 24. Bxf1 Rfe8 25. b4 Qd6+ 26. Kg2 Qg3+ 27. Kxg3 {
1-0 Johnson,E-Takkella,S/IECG, Cat-C (m/0460/01) 1994 (27)}) 5... O-O 6. Nge2
d6 7. b3 (7. d4 7... Nb4 $11) 7... Be6 $14 (7... Re8 8. O-O $11) 8. d4 exd4 9.
Nxd4 Bg4 10. Nxc6 10... bxc6 {Befestigt b5+d5} 11. Qd3 Qd7 12. O-O $11 (12. e4
12... Rfe8 $14) 12... Bh3 13. e4 Bxg2 14. Kxg2 Qg4 15. f3 Qh5 16. Ne2 16... Nd7
$14 (16... d5 17. exd5 cxd5 18. Re1 $14) 17. Nf4 Qe5 18. Be3 Qb2+ 19. Qe2 Qxe2+
20. Nxe2 Rae8 21. Rad1 ({Dagegen} 21. Bxa7 21... c5 22. Nc3 22... Bf6 $15)
21... f5 22. Nd4 ({Jedoch nicht} 22. Bxa7 22... c5 23. Nc3 23... Ra8 $15) 22...
fxe4 23. Nxc6 23... exf3+ {Der Freibauer marschiert} 24. Rxf3 a6 25. Bd4 (25.
Rd5 25... Bf6 $14) 25... Bf6 26. Bxf6 Re2+ 27. Rf2 Rxf2+ 28. Kxf2 Nxf6 29. Ke2
Kf7 30. Kd3 Re8 31. h3 Kg6 32. g4 $11 (32. b4 32... Nd7 $14) 32... Nd7 33. Rf1
33... Nf6 $14 (33... Ne5+ 34. Nxe5+ Rxe5 35. a4 $14) 34. a3 Nd7 35. b4 h6 36.
Rf5 36... Nf6 $16 (36... Re1 37. h4 Nf6 38. h5+ Kf7 39. a4 $14) 37. Ra5 Re1 38.
Rxa6 {Dieser Freibauer bestimmt das Geschehen} 38... Rh1 39. Ra7 Rxh3+ 40. Kc2
$11 (40. Ke2 Nxg4 41. a4 Re3+ 42. Kd2 42... Ra3 $14) 40... Nxg4 41. a4 Ne3+ 42.
Kd3 42... Nd5+ $11 (42... Kf5 43. a5 $15 (43. Rxc7 $4 {
das Schlagen des Bauern ist schlecht} 43... Nd5+ 44. Kd4 Nxc7 45. Ne7+ Kf6 46.
Nd5+ Nxd5 47. Kxd5 Rd3+ 48. Ke4 48... Ra3 $19)) 43. Kd4 $15 (43. Ke2 Nf4+ 44.
Kf2 44... Ne6 $11) 43... Nxb4 44. Nxb4 $17 (44. Rxc7 $5 {ist bedenkenswert}
44... Rh4+ 45. Kc3 Na2+ 46. Kd3 Nc1+ 47. Kc3 Rh3+ 48. Kc2 $15) 44... c5+ 45.
Kd5 cxb4 46. Kxd6 b3 47. Rb7 47... Rc3 $15 (47... Kf6 48. a5 Re3 49. c5 $15)
48. c5 Kf6 49. a5 Rd3+ 50. Kc7 50... Kg5 $2 $18 (50... Ke5 $142 {
damit waere Schwarz im Spiel geblieben} 51. a6 51... Rf3 $11) 51. a6 Rf3 52. c6
Rf7+ 53. Kd6 53... Rf1 $4 {Schwarz zeigt sich dem Druck nicht mehr gewachsen} (
53... Rf6+ 54. Kd7 $1 {logisch und kraftvoll} 54... b2 55. Rxb2 Rf7+ 56. Kc8
56... Ra7 $18) 54. Rxb3 (54. a7 $142 {liesse Schwarz keine Chance} 54... Rd1+
55. Kc5 Rc1+ 56. Kd4 Rd1+ 57. Kc4 Rd8 58. Rxb3 58... Rc8 $18) 54... Rf6+ (54...
Ra1 55. Rb6 Rd1+ 56. Ke6 Re1+ 57. Kd7 Rd1+ 58. Kc8 $18) 55. Kc7 {
Weiss geht zum Angriff ueber} 55... Re6 (55... Rf7+ {
hilft allerdings auch nicht} 56. Kd8 $18) 56. a7 Re7+ 57. Kb6 Re8 58. c7 {
Mit der Drohung Ra3} 58... Kh4 59. Kb7 g5 60. c8=Q {Droht Matt} 60... Rxc8 61.
Kxc8 Kg4 62. a8=Q Kh4 (62... Kf4 {
kann das Vorangegangene nicht ungeschehen machen} 63. Qf3+ Ke5 64. Kc7 h5 65.
Re3+ Kd4 66. Re4+ Kd5 67. Qf5#) 63. Qe4+ g4 64. Qh1+ $18 (64. Qf5 h5 65. Qf6#)
64... Kg5 65. Rb5+ (65. Qd5+ Kf4 66. Kd7 g3 67. Rf3+ Kg4 68. Qf5+ Kh4 69. Rf4#)
65... Kg6 (65... Kf4 {aendert den traurigen Lauf der Dinge nicht} 66. Qxh6+ Ke4
67. Rb4+ Kd3 68. Qa6+ Kd2 69. Qa2+ Ke3 70. Qa3+ Ke2 71. Rb2+ Kf1 72. Qa1#) 66.
Qh4 (66. Qc6+ Kf7 67. Rb7+ Kf8 68. Qxh6+ Ke8 69. Qh8#) 66... g3 (66... Kf7 {
nuetzt auch nichts mehr} 67. Rf5+ Kg6 68. Qxg4+ Kh7 69. Rf7+ Kh8 70. Qg7#) 67.
Qxg3+ (67. Qg4+ Kf6 68. Kd7 h5 69. Rf5#) 67... Kf6 68. Qf4+ (68. Qd6+ Kf7 69.
Rb7+ Ke8 70. Qe7#) 68... Kg6 (68... Kg7 {hilft auch nicht mehr} 69. Qg4+ Kf8
70. Kd7 h5 71. Rf5#) 69. Rb6+ (69. Qd6+ Kf7 70. Rb7+ Ke8 71. Qe7#) 69... Kh5 (
69... Kg7 {holt die Kuh nicht vom Eis} 70. Qe5+ Kf8 71. Rb7 h5 72. Qh8#) 70.
Rxh6# 1-0

[Event "ICS Rated blitz match"]
[Site "207.99.5.190"]
[Date "1999.03.06"]
[Round "?"]
[White "blunite"]
[Black "Hossa"]
[Result "1/2-1/2"]
[WhiteElo "2230"]
[BlackElo "2324"]
[Annotator "Fritz 5.32 (22s)"]
[PlyCount "148"]

1. e4 c5 2. Nf3 Nc6 3. d4 cxd4 4. Nxd4 Qa5+ 5. Nc3 5... Nf6 $146 (5... a6 6.
Nb3 Qd8 7. Be3 Rb8 8. a4 b6 9. Bc4 e6 10. O-O Bb4 11. Qg4 Bxc3 12. bxc3 Qf6 13.
Nd4 Nge7 14. f4 d5 15. e5 Qg6 16. Qxg6 hxg6 17. Bd3 Na5 18. Rfb1 O-O 19. Ne2
Nc4 20. Bxc4 {Battikhi,H-Babikur,M/Arab-ch8 Doha 1993/1-0 (58)}) 6. Nb3 Qe5 7.
f4 Qe6 8. Qf3 Nb4 9. Bd3 9... Qb6 $16 (9... d5 $5 $14) 10. Be3 Nxd3+ (10... Qc6
11. Rc1 $16) 11. cxd3 Qa6 12. e5 Ng8 13. Rd1 $14 (13. O-O 13... e6 $16 (13...
Qxd3 $4 {vergiftet...} 14. Nd5 $18)) 13... d6 {Verwehrt dem Gegner c5} 14. O-O
14... e6 {Sichert d5} 15. d4 15... Nh6 {Schwarz hat Entwicklungsnachteil.} 16.
Ne4 $15 (16. d5 $14 $142 {ist noch spielbar}) 16... Qxa2 17. Bc1 d5 18. Nd6+
$19 (18. Ng3 $5 $17 $142) 18... Bxd6 19. exd6 Nf5 20. g4 (20. Bd2 20... Qa6 $19
) 20... Nxd6 21. f5 O-O 22. fxe6 (22. f6 22... Ne4 $17) 22... Bxe6 23. Nc5 Rad8
24. Bg5 Rde8 25. Rd2 (25. Rf2 25... Qc4 $19) 25... b6 26. Nxe6 Rxe6 (26... fxe6
$5 27. b3 Qa5 28. Qe2 Rxf1+ 29. Kxf1 $19) 27. Re2 (27. b3 Qa5 28. Rc2 28... Re4
$19) 27... Rxe2 28. Qxe2 Re8 29. Qf2 Qb3 30. Qf4 (30. Bh4 Qh3 31. Qg3 Qxg3+ 32.
Bxg3 32... Ne4 $19) 30... Qxb2 31. Qxd6 Qxd4+ 32. Kh1 Qe4+ 33. Kg1 Qxg4+ 34.
Qg3 Qxg3+ 35. hxg3 f6 36. Bc1 Re2 (36... b5 37. Kf2 $19) 37. Rd1 37... Re5 $17
(37... Kf7 $5 38. Kf1 Rc2 39. Be3 $19) 38. Bf4 Rf5 39. Rc1 h5 40. Rc7 $19 (40.
Ra1 40... a5 $17) 40... a5 41. Rb7 41... h4 $15 (41... g5 $5 42. Bb8 d4 43.
Rxb6 43... Rd5 $17) 42. Rxb6 g5 (42... h3 43. Rb5 $15) 43. Bb8 (43. Bc7 d4 44.
gxh4 44... Rd5 $17) 43... Kf7 $11 (43... d4 44. gxh4 Rd5 45. Kf2 gxh4 46. Rxf6
$15) 44. gxh4 $15 (44. Rb5 a4 45. Ra5 hxg3 46. Ra7+ Kg6 47. Rxa4 47... Rf3 $11)
44... gxh4 45. Ra6 d4 46. Rd6 Rf4 47. Ra6 Rf3 48. Rxa5 48... d3 $11 (48... Ke6
49. Kg2 Rb3 50. Bf4 $11) 49. Rd5 h3 50. Bc7 (50. Kh2 Ke6 51. Rd4 51... f5 $11)
50... f5 51. Rd6 Ke7 52. Bb8 $17 (52. Rd4 $11 $142 {
und Weiss kann noch kaempfen}) 52... Rg3+ 53. Kh2 Rg8 54. Rxd3 Rxb8 55. Kxh3
55... Rg8 $17 (55... Rc8 56. Rg3 $19) 56. Rg3 56... Rxg3+ $11 (56... Rc8 $19
$142) 57. Kxg3 Kf6 58. Kf4 Ke6 59. Kf3 Ke5 60. Ke3 Ke6 61. Kf3 Kd7 62. Kf4 Ke6
63. Kf3 Kd6 64. Kf4 Ke6 65. Ke3 Ke5 66. Kf3 f4 67. Kf2 67... Kd4 {
Der schwarze Koenig wird gefaehrlich} 68. Kf3 Ke5 69. Kf2 69... Ke4 {
Aktiver Koenig im Endspiel} 70. Ke2 Ke5 71. Kf2 Kd5 72. Kf3 Ke5 73. Kf2 Kd6 74.
Kf3 Ke5 1/2-1/2

[Event "ICS Rated blitz match"]
[Site "207.99.5.190"]
[Date "1999.03.06"]
[Round "?"]
[White "Hossa"]
[Black "Poderoso"]
[Result "1-0"]
[WhiteElo "2320"]
[BlackElo "2459"]
[PlyCount "136"]

1. e4 c5 2. Bc4 e6 3. Nc3 Qg5 4. g3 Nc6 5. Nf3 Qg6 6. O-O Bd6 7. d4 cxd4 8.
Nxd4 Be5 9. Nxc6 dxc6 10. Bd2 Nf6 11. Bd3 O-O 12. Qe2 Bd7 13. Rad1 Ng4 14. Na4
Qh5 15. f3 Nf6 16. Rf2 Bd4 17. Be3 c5 18. Bxd4 cxd4 19. e5 Nd5 20. Nc5 Bc6 21.
Be4 b6 22. Nb3 d3 23. Bxd3 Rad8 24. Nd4 Bd7 25. f4 Qh3 26. Qf1 Qg4 27. Be2 Qg6
28. Qh3 Ne3 29. Rd2 Rfe8 30. Bd3 Nf5 31. Rf1 Rc8 32. a3 Rb8 33. a4 Rbd8 34.
Rfd1 Rb8 35. Be4 a6 36. Bd3 Ra8 37. b3 Ra7 38. c3 Bc8 39. Nc6 Rc7 40. Be4 h5
41. Rd8 Rxd8 42. Rxd8+ Kh7 43. Rxc8 Rxc8 44. Ne7 Nxe7 45. Qxh5+ Kg8 46. Bxg6
Nxg6 47. c4 Rc6 48. h4 Kf8 49. Qh7 Ne7 50. Qh8+ Ng8 51. Kg2 a5 52. g4 Rc7 53.
Qh7 Rd7 54. h5 Ne7 55. Kf3 Rd2 56. Qe4 Rd8 57. Qb7 Nc8 58. c5 bxc5 59. Qc7 Ke8
60. Qc6+ Kf8 61. Qxc5+ Ke8 62. Qb5+ Rd7 63. g5 Ne7 64. h6 Nf5 65. h7 Nd4+ 66.
Ke4 Nxb5 67. h8=Q+ Ke7 68. axb5 68... Rd1 {Poderoso resigns} 1-0

[Event "ICS rated blitz match"]
[Site "207.99.5.190"]
[Date "1999.03.06"]
[Round "?"]
[White "blunite"]
[Black "Hossa"]
[Result "0-1"]
[WhiteElo "2232"]
[BlackElo "2338"]
[PlyCount "56"]

1. e4 c5 2. Nf3 Nf6 3. d4 Nxe4 4. Bd3 d5 5. O-O Nc6 6. c4 cxd4 7. cxd5 Qxd5 8.
Re1 Nd6 9. Nbd2 e5 10. Nxe5 Nxe5 11. f4 f6 12. fxe5 fxe5 13. Qh5+ Nf7 14. Bc4
g6 15. Qd1 Qc5 16. Bxf7+ Kxf7 17. Ne4 Qb5 18. a4 Qb6 19. Ng5+ Kg7 20. Rxe5 d3+
21. Kh1 Bd6 22. Bf4 Qxb2 23. Rb5 Qxb5 24. axb5 Bxf4 25. Ne4 Be5 26. Ra4 Rd8 27.
b6 Bf5 28. Rxa7 28... Bxe4 {blunite resigns} 0-1

[Event "ICS rated blitz match"]
[Site "207.99.5.190"]
[Date "1999.03.06"]
[Round "?"]
[White "Hossa"]
[Black "man"]
[Result "1-0"]
[WhiteElo "2349"]
[BlackElo "2127"]
[PlyCount "47"]

1. e4 c5 2. Bc4 d6 3. Nf3 e5 4. O-O Be6 5. Bxe6 fxe6 6. d3 Nf6 7. Nc3 Be7 8.
Ng5 Qd7 9. f4 Nc6 10. fxe5 Nxe5 11. Bf4 Ng6 12. Qe1 h6 13. Nh3 O-O-O 14. Qg3
Nxf4 15. Nxf4 g5 16. Ng6 Rhg8 17. Nxe7+ Qxe7 18. Nb5 a6 19. Nxd6+ Rxd6 20. e5
Ne4 21. exd6 Nxg3 22. dxe7 Nxf1 23. Rxf1 Kd7 24. Rf8 {man resigns} 1-0

[Event "ICS rated blitz match"]
[Site "207.99.5.190"]
[Date "1999.03.06"]
[Round "?"]
[White "man"]
[Black "Hossa"]
[Result "0-1"]
[WhiteElo "2097"]
[BlackElo "2350"]
[PlyCount "42"]

1. d4 Nf6 2. c4 g6 3. Nc3 Bg7 4. e4 d6 5. Bg5 O-O 6. f3 Nc6 7. Qd2 e5 8. d5 Nd4
9. Nge2 Nxe2 10. Bxe2 Rb8 11. g4 Bd7 12. h4 Qe8 13. h5 gxh5 14. Bxf6 Bxf6 15.
Rxh5 Bg7 16. Kf2 h6 17. Rah1 Rd8 18. g5 hxg5 19. Qxg5 f6 20. Rh8+ Kf7 21. R8h7
21... fxg5 {man resigns} 0-1

[Event "ICS rated blitz match"]
[Site "207.99.5.190"]
[Date "1999.03.06"]
[Round "?"]
[White "Hossa"]
[Black "newfisher"]
[Result "1/2-1/2"]
[WhiteElo "2352"]
[BlackElo "2066"]
[PlyCount "89"]

1. e4 c6 2. Nc3 d5 3. exd5 cxd5 4. Nf3 Nf6 5. Bb5+ Nc6 6. O-O e6 7. Ne5 Bd7 8.
Nxd7 Qxd7 9. Re1 Bd6 10. d4 O-O 11. Bg5 Be7 12. Qf3 a6 13. Bxc6 bxc6 14. Rab1
Rab8 15. Qg3 Kh8 16. Qe5 Qd6 17. Bxf6 gxf6 18. Qe3 f5 19. Qh6 Rg8 20. Qh5 Rg7
21. Re3 Rbg8 22. Rg3 f4 23. Rxg7 Rxg7 24. a3 Bd8 25. Kh1 Bc7 26. Rd1 Ba5 27.
Ne2 Kg8 28. Nc1 Bc7 29. Nb3 Qe7 30. Nc5 Bd6 31. Nxa6 Qb7 32. Nb4 Bxb4 33. axb4
Qxb4 34. Ra1 Rg6 35. Ra8+ Kg7 36. Qe5+ Rf6 37. Ra6 Qxb2 38. Qg5+ Rg6 39. Qe5+
Rf6 40. Qg5+ Rg6 41. Qe5+ Rf6 42. Qg5+ Rg6 43. Qe5+ Rf6 44. Qg5+ Rg6 45. Qe5+ {
Game drawn by repetition} 1/2-1/2

[Event "ICS rated blitz match"]
[Site "207.99.5.190"]
[Date "1999.03.06"]
[Round "?"]
[White "newfisher"]
[Black "Hossa"]
[Result "0-1"]
[WhiteElo "2077"]
[BlackElo "2341"]
[PlyCount "78"]

1. e4 c5 2. Nf3 Nf6 3. Nc3 Nc6 4. d4 d5 5. dxc5 d4 6. Nb5 Nxe4 7. Nbxd4 e5 8.
Nxc6 Qxd1+ 9. Kxd1 Nxf2+ 10. Ke2 Nxh1 11. Ncxe5 Bxc5 12. Nd3 Bb6 13. g3 Bf5 14.
Be3 Bxd3+ 15. cxd3 Bxe3 16. Kxe3 O-O 17. Nh4 Rfe8+ 18. Kf3 g5 19. Nf5 Rad8 20.
Kg2 Nxg3 21. hxg3 Rd5 22. g4 h5 23. Kf3 hxg4+ 24. Kxg4 Ree5 25. Ng3 Rd4+ 26.
Kf3 g4+ 27. Kf2 f5 28. Rc1 f4 29. Rc8+ Kg7 30. Rc7+ Kh6 31. Ne4 Rb4 32. b3 Ra5
33. Rc2 Kg6 34. Nd2 Rd4 35. Nc4 Rh5 36. Ke1 Rh1 37. Ne5+ Kf5 38. Nf7 Kf6 39.
Rf2 39... Kxf7 {newfisher resigns} 0-1

[Event "ICS rated blitz match"]
[Site "207.99.5.190"]
[Date "1999.03.06"]
[Round "?"]
[White "Kengtin"]
[Black "Hossa"]
[Result "0-1"]
[WhiteElo "2180"]
[BlackElo "2356"]
[Annotator "Fritz 5.32 (15s)"]
[PlyCount "74"]

1. d4 Nf6 2. Nf3 e6 3. Bg5 Bb4+ 4. c3 Be7 5. Nbd2 5... O-O $14 (5... d5 6. e3
b6 7. Ne5 O-O 8. Bd3 Bb7 9. O-O Ne4 10. Bxe7 Qxe7 11. Qc2 f5 12. f3 Nf6 13. e4
g6 14. exf5 exf5 15. Rfe1 Qg7 16. Re2 c5 17. dxc5 bxc5 18. Bb5 a6 19. Ba4 Ne4
20. Nd3 {Piquemal,C-Merlini Cirovic,M/Dortmund 1988/ - (61)}) (5... h6 6. Bxf6
Bxf6 7. e4 $14) 6. e4 d5 7. e5 {Weiss erobert Raum} 7... Nfd7 8. h4 (8. Bxe7
Qxe7 9. Bd3 9... f6 $14) 8... c5 {Schwarz packt die Bauernkette an der Wurzel}
9. Bd3 cxd4 10. cxd4 f6 11. exf6 Nxf6 12. O-O $11 (12. Ne5 Nc6 13. Nxc6 13...
bxc6 $14) 12... Nc6 13. a3 {Sichert b4} (13. Re1 h6 14. Bf4 14... Ne4 $11)
13... h6 14. Be3 $17 (14. Bf4 Ng4 15. g3 15... Bf6 $11) 14... Ng4 15. Rc1 (15.
h5 15... e5 $15) 15... Nxe3 $15 (15... Bxh4 16. Bb1 $17) 16. fxe3 Bxh4 17. Nxh4
Rxf1+ (17... Qxh4 $2 {ist naheliegend und schlecht} 18. Bh7+ $1 {
ein unangenehmes Schach} 18... Kxh7 19. Rxf8 $18) 18. Qxf1 Qxh4 19. Qf3 19...
Nxd4 $11 (19... Bd7 $5 $15) 20. exd4 {Weiss droht stark Rf1} 20... Qxd4+ 21.
Kh1 e5 (21... Qxb2 $2 {uebersieht} 22. Rf1 $1 {triumphiert} 22... Qf6 23. Qh5
$18 (23. Qxf6 gxf6 24. Rxf6 24... a5 $16)) 22. Rf1 $15 (22. Rc7 $5 22... Qh4+
23. Kg1 Qd4+ 24. Kh1 $11) 22... Be6 23. b4 23... Qh4+ {
Nun geraet Weiss unter starken Druck.} 24. Kg1 Rc8 25. Nb3 $17 (25. Bf5 25...
Qf6 $15) 25... e4 {Schwarz engt den Gegner ein} 26. Qe3 26... Bg4 $11 (26...
Rc3 27. Nc5 Qg4 28. Rf4 Qd1+ 29. Rf1 Rxd3 30. Rxd1 Rxe3 31. Nxe6 $11) 27. Be2
$15 (27. Bb1 27... b6 $11) 27... Bxe2 28. Qxe2 Qg3 29. Nc5 (29. Qd1 29... Qe5
$11) 29... b6 (29... Qxa3 30. Qg4 Ra8 31. Ne6 Qe3+ 32. Kh1 $16) 30. Ne6 Qe5 (
30... Qxa3 31. Qh5 Qc3 32. Rf7 $18) 31. Qg4 Re8 32. Nf4 Rf8 33. Ng6 $4 $19 (33.
Qe6+ Qxe6 34. Nxe6 $11) 33... Qd4+ 34. Kh2 {Mit der Mattdrohung Rxf8} 34...
Rxf1 {Droht entscheidend Kh7} 35. Qc8+ Kh7 36. Nf8+ 36... Rxf8 $1 {
ganz unerschrocken} 37. Qxf8 Qe5+ (37... Qe5+ 38. Kg1 38... e3 $19) 0-1